[Event "Werther Schloss op 22nd"]
[Site "Werther"]
[Date "2016.03.20"]
[Round "6"]
[White "Pawelzik, Malte"]
[Black "Fox, Daniel"]
[Result "1-0"]
[WhiteElo "2047"]
[BlackElo "2178"]
[PlyCount "141"]
[EventDate "2016.03.17"]
[EventType "swiss"]
[EventRounds "7"]
[EventCountry "GER"]
[SourceTitle "CBM 171 Extra"]
[Source "ChessBase"]
[SourceDate "2016.04.26"]
[SourceVersion "1"]
[SourceVersionDate "2016.04.26"]
[SourceQuality "1"]

1. e4 e6 2. d4 d5 3. Nc3 Bb4 4. e5 Ne7 5. a3 Bxc3+ 6. bxc3 c5 7. Qg4 0-0 8. Bd3 f5 9. exf6 Rxf6 10. Bg5 Rf7 11. Qh5 g6 12. Qd1 Nbc6 13. Nf3 c4 14. Be2 Qf8 15. h4 h6 16. Bd2 Bd7 17. Qc1 Kh7 18. h5 g5 19. Bxg5 Rf5 20. Be3 Rf6 21. Ne5 Nxe5 22. dxe5 Rf7 23. g4 Qg7 24. f4 Rff8 25. Bd4 Ba4 26. Bd1 b6 27. Qe3 Rac8 28. Rg1 Nc6 29. f5 Qg5 30. Qxg5 hxg5 31. f6 Kh6 32. Kd2 Rc7 33. Re1 Nd8 34. Re3 Nf7 35. Bf3 Rd7 36. Rb1 Rc8 37. Rb4 b5 38. Rb1 a6 39. Re2 Rc6 40. Ree1 Nd8 41. Rb4 Rf7 42. Reb1 Rfc7 43. Bg2 Nf7 44. Rf1 Rd7 45. Re1 Nd8 46. Reb1 Rdc7 47. Rf1 Nf7 48. Rbb1 Rd7 49. Rbe1 Rd8 50. Re2 Rd7 51. Ke3 Rb7 52. Kf2 Rd7 53. Kg3 Rd8 54. Rff2 Rd7 55. Be3 Rd8 56. Bc1 Rd7 57. Kh2 Rd8 58. Kh3 Rd7 59. Rf5 Rc8 60. Rf1 Rc6 61. Kg3 Rc8 62. Rd1 Nd8 63. Be4 Rc6 64. Bg6 Nf7 65. Rf1 Rcc7 66. Be3 Rc6 67. Bd4 Rc8 68. Bb6 Rc6 69. Ba5 Rc8 70. Bb4 Re8 71. Be7 1-0

[Event "Werther Schloss op 22nd"]
[Site "Werther"]
[Date "2016.03.18"]
[Round "2"]
[White "Fenner, Martin"]
[Black "Fox, Daniel"]
[Result "1-0"]
[WhiteElo "1985"]
[BlackElo "2178"]
[PlyCount "93"]
[EventDate "2016.03.17"]
[EventType "swiss"]
[EventRounds "7"]
[EventCountry "GER"]
[SourceTitle "CBM 171 Extra"]
[Source "ChessBase"]
[SourceDate "2016.04.26"]
[SourceVersion "1"]
[SourceVersionDate "2016.04.26"]
[SourceQuality "1"]

1. e3 Nf6 2. Nf3 d5 3. c4 e6 4. b3 Be7 5. Bb2 0-0 6. Be2 c5 7. 0-0 Nc6 8. d3 b6 9. Nbd2 Bb7 10. a3 Rc8 11. Ne5 Nxe5 12. Bxe5 Nd7 13. Bg3 Bf6 14. Ra2 Qe7 15. Bf3 Ne5 16. Be2 Rfd8 17. Qb1 Rd7 18. Nf3 Nxf3+ 19. Bxf3 Rcd8 20. Be2 g6 21. Rc1 h5 22. h3 Kg7 23. Rac2 dxc4 24. bxc4 e5 25. e4 Bc6 26. Qb3 h4 27. Bh2 Rd6 28. Ra2 Bg5 29. Rb1 Kh6 30. Qc3 Rd4 31. a4 Qe6 32. Ra3 f6 33. a5 Rb8 34. axb6 Rxb6 35. Rba1 Rd7 36. Rxa7 Rxa7 37. Rxa7 Rb1+ 38. Bf1 Rc1 39. Qb2 Re1 40. Qb8 Bd2 41. Qf8+ Kg5 42. Qxc5 Qe8 43. Rh7 Qa8 44. f4+ Bxf4 45. Bxf4+ Kxf4 46. Qf2+ Kg5 47. Qxh4# 1-0

[Event "Mittelrhein Regionalliga 1415"]
[Site "Mittelrhein"]
[Date "2015.02.01"]
[Round "6.2"]
[White "Fox, Daniel"]
[Black "Mays, Stephan"]
[Result "1/2-1/2"]
[WhiteElo "2156"]
[BlackElo "2051"]
[PlyCount "35"]
[EventDate "2014.09.28"]
[EventType "team-tourn"]
[EventRounds "9"]
[EventCountry "GER"]
[SourceTitle "EXT 2023"]
[Source "ChessBase"]
[SourceDate "2022.10.05"]
[SourceVersion "1"]
[SourceVersionDate "2022.10.05"]
[SourceQuality "1"]
[WhiteTeam "Koeln Lasker"]
[BlackTeam "Koeln Ford SF"]
[WhiteTeamCountry "GER"]
[BlackTeamCountry "GER"]

1. e4 d6 2. d4 c6 3. Nc3 Nd7 4. Nf3 Qc7 5. a4 e5 6. Bc4 Be7 7. Qe2 Ngf6 8. dxe5 Nxe5 9. Nxe5 dxe5 10. 0-0 0-0 11. Bg5 Ng4 12. Bd2 Nf6 13. Bg5 Ng4 14. Bd2 Nf6 15. h3 h6 16. Qf3 Nh7 17. Rfe1 Bg5 18. Rad1 1/2-1/2

[Event "Mittelrhein Regionalliga 1415"]
[Site "Mittelrhein"]
[Date "2014.11.09"]
[Round "3.3"]
[White "Fox, Daniel"]
[Black "Roski, Ferdinand"]
[Result "1-0"]
[WhiteElo "2156"]
[BlackElo "2153"]
[PlyCount "113"]
[EventDate "2014.09.28"]
[EventType "team-tourn"]
[EventRounds "9"]
[EventCountry "GER"]
[SourceTitle "EXT 2023"]
[Source "ChessBase"]
[SourceDate "2022.10.05"]
[SourceVersion "1"]
[SourceVersionDate "2022.10.05"]
[SourceQuality "1"]
[WhiteTeam "Koeln Lasker"]
[BlackTeam "Godesberg II"]
[WhiteTeamCountry "GER"]
[BlackTeamCountry "GER"]

1. e4 c5 2. c3 g6 3. Nf3 Bg7 4. d4 cxd4 5. cxd4 Nf6 6. e5 Nd5 7. Bc4 Nc7 8. Nc3 0-0 9. 0-0 d5 10. Bb3 Nc6 11. h3 b6 12. Be3 Na5 13. Bc2 Ba6 14. Re1 Rc8 15. b3 Ne6 16. Qd2 Rc7 17. Rac1 Qd7 18. Bb1 Rfc8 19. Nh2 Bxe5 20. dxe5 d4 21. Red1 Rd8 22. Qe1 Qe8 23. Bd2 dxc3 24. Bxc3 Rxd1 25. Rxd1 Bb7 26. Bb2 Qa8 27. f3 Nc6 28. Ng4 a5 29. Qe3 Nb4 30. Nf2 Nd5 31. Qd2 Rd7 32. Be4 Nf6 33. exf6 Rxd2 34. Rxd2 exf6 35. Bxf6 Bxe4 36. Nxe4 Qc6 37. Kh2 h6 38. h4 Kh7 39. Be5 g5 40. h5 Qc1 41. Rd7 Qe1 42. Bg3 Qa1 43. Rxf7+ Kg8 44. Rf6 Nf4 45. Bxf4 gxf4 46. Rxh6 Qxa2 47. Rg6+ Kf7 48. Ng5+ Ke7 49. h6 Qf2 50. Rg7+ Kf8 51. Rf7+ Ke8 52. Rxf4 Qb2 53. h7 Qe5 54. g3 Qh8 55. Rf7 Qb2+ 56. Kh3 a4 57. bxa4 1-0

[Event "Mittelrhein Regionalliga 1415"]
[Site "Mittelrhein"]
[Date "2014.10.19"]
[Round "2.3"]
[White "Jakubiec, Edyta"]
[Black "Fox, Daniel"]
[Result "0-1"]
[WhiteElo "2234"]
[BlackElo "2156"]
[PlyCount "100"]
[EventDate "2014.09.28"]
[EventType "team-tourn"]
[EventRounds "9"]
[EventCountry "GER"]
[SourceTitle "EXT 2023"]
[Source "ChessBase"]
[SourceDate "2022.10.05"]
[SourceVersion "1"]
[SourceVersionDate "2022.10.05"]
[SourceQuality "1"]
[WhiteTeam "Aachen DJK Aufwaerts III"]
[BlackTeam "Koeln Lasker"]
[WhiteTeamCountry "GER"]
[BlackTeamCountry "GER"]

1. e4 e6 2. d4 d5 3. Nd2 Nf6 4. e5 Nfd7 5. f4 c5 6. c3 Nc6 7. Ndf3 cxd4 8. cxd4 f5 9. Bd3 Be7 10. Ne2 Nb6 11. 0-0 0-0 12. Kh1 Bd7 13. Rg1 Be8 14. g4 Bg6 15. gxf5 exf5 16. Ng3 Rc8 17. a3 Qe8 18. Ra2 Nd8 19. b3 Ne6 20. Be3 Kh8 21. Nd2 Bh4 22. Nb1 Rc7 23. Be2 Qf7 24. Bf3 Rfc8 25. a4 a5 26. Qd2 Bxg3 27. hxg3 Bh5 28. Kg2 Bxf3+ 29. Kxf3 Qh5+ 30. Kg2 Nd7 31. Rh1 Qg4 32. Rh4 Qg6 33. Qxa5 Rc2+ 34. Rxc2 Rxc2+ 35. Nd2 Nc7 36. b4 b6 37. Qa7 Qc6 38. b5 Qc3 39. Qb7 Nf8 40. Qc6 Qd3 41. Qd6 Nce6 42. Kf2 Rxd2+ 43. Bxd2 Qxd2+ 44. Kf1 Qd3+ 45. Kg2 Qe2+ 46. Kg1 Qe1+ 47. Kg2 Qe4+ 48. Kh2 Qxd4 49. a5 Qf2+ 50. Kh3 g5 0-1

[Event "Mittelrhein Regionalliga 1314"]
[Site "Mittelrhein"]
[Date "2013.10.13"]
[Round "2.5"]
[White "Fox, Daniel"]
[Black "Mauelshagen, Martin"]
[Result "1-0"]
[WhiteElo "2092"]
[BlackElo "2091"]
[PlyCount "65"]
[EventDate "2013.09.15"]
[EventType "team-tourn"]
[EventRounds "11"]
[EventCountry "GER"]
[SourceTitle "EXT 2023"]
[Source "ChessBase"]
[SourceDate "2022.10.05"]
[SourceVersion "1"]
[SourceVersionDate "2022.10.05"]
[SourceQuality "1"]
[WhiteTeam "Koeln Lasker"]
[BlackTeam "Godesberg II"]
[WhiteTeamCountry "GER"]
[BlackTeamCountry "GER"]

1. e4 g6 2. d4 Bg7 3. Nf3 c6 4. Nc3 d5 5. h3 dxe4 6. Nxe4 Nd7 7. Bc4 Ngf6 8. Nxf6+ Nxf6 9. 0-0 0-0 10. Re1 Bf5 11. Qe2 Be4 12. c3 b5 13. Bb3 Bxf3 14. Qxf3 Nd5 15. Bg5 Re8 16. a4 h6 17. Bh4 b4 18. c4 Nf6 19. Rad1 Qb6 20. Re2 Rad8 21. Red2 Rd7 22. a5 Qxa5 23. Qxc6 Red8 24. Qf3 g5 25. Bg3 e6 26. d5 exd5 27. cxd5 Ne8 28. d6 Qa6 29. Qf5 Nxd6 30. Bxd6 Rxd6 31. Qxf7+ Kh8 32. Rxd6 Rxd6 33. Qg8# 1-0

[Event "GER-chT U20"]
[Site "Chemnitz"]
[Date "2009.12.28"]
[Round "4.1"]
[White "Fox, Daniel"]
[Black "Brueggemann, Florian"]
[Result "1-0"]
[WhiteElo "2118"]
[BlackElo "2030"]
[PlyCount "43"]
[EventDate "2009.12.27"]
[EventType "team-swiss"]
[EventRounds "7"]
[EventCountry "GER"]
[SourceTitle "EXT 2022"]
[Source "ChessBase"]
[SourceDate "2021.10.06"]
[SourceVersion "1"]
[SourceVersionDate "2021.10.06"]
[SourceQuality "1"]
[WhiteTeam "Brackweda U20"]
[BlackTeam "Magdeburg Aufbau Elbe U20"]
[WhiteTeamCountry "GER"]
[BlackTeamCountry "GER"]

1. e4 c5 2. c3 Nf6 3. e5 Nd5 4. d4 cxd4 5. Nf3 Nc6 6. Bc4 e6 7. cxd4 d6 8. 0-0 dxe5 9. dxe5 Bc5 10. Qe2 Na5 11. Bg5 Qc7 12. Bxd5 exd5 13. Rc1 Qb6 14. Nc3 Qc6 15. Nxd5 Qxd5 16. Rd1 Qxd1+ 17. Rxd1 0-0 18. Qb5 Bb6 19. Be7 Bf5 20. Bxf8 Rxf8 21. b4 Nc6 22. a4 1-0

[Event "GER-chT U20"]
[Site "Chemnitz"]
[Date "2009.12.28"]
[Round "3.1"]
[White "Rudolf, Sebastian"]
[Black "Fox, Daniel"]
[Result "1-0"]
[WhiteElo "2201"]
[BlackElo "2118"]
[PlyCount "87"]
[EventDate "2009.12.27"]
[EventType "team-swiss"]
[EventRounds "7"]
[EventCountry "GER"]
[SourceTitle "EXT 2022"]
[Source "ChessBase"]
[SourceDate "2021.10.06"]
[SourceVersion "1"]
[SourceVersionDate "2021.10.06"]
[SourceQuality "1"]
[WhiteTeam "Dresden Gruen Weiss U20"]
[BlackTeam "Brackweda U20"]
[WhiteTeamCountry "GER"]
[BlackTeamCountry "GER"]

1. e4 e6 2. d4 d5 3. Nd2 Nf6 4. e5 Nfd7 5. c3 c5 6. f4 Nc6 7. Ndf3 cxd4 8. cxd4 f5 9. Bd3 Be7 10. Ne2 Nb6 11. 0-0 0-0 12. Kh1 Bd7 13. Rg1 Be8 14. h3 a5 15. g4 Bg6 16. gxf5 Bxf5 17. Bxf5 exf5 18. Rg2 Qd7 19. Qg1 Rf7 20. Ng3 Kh8 21. Nh5 Rg8 22. Ng5 Bxg5 23. fxg5 Ne7 24. g6 Nxg6 25. Rxg6 hxg6 26. Nf4 Qb5 27. Be3 Rc8 28. Qxg6 Kg8 29. Rg1 Rc6 30. e6 Re7 31. Qf6 Qb4 32. Nh5 Rcc7 33. Bh6 Qe1 34. Nxg7 Qe4+ 35. Kh2 Rc2+ 36. Kg3 Qe3+ 37. Kh4 Qe4+ 38. Kh5 Qf3+ 39. Kg6 Rg2+ 40. Rxg2 Qxg2+ 41. Bg5 Qxg5+ 42. Kxg5 Rxg7+ 43. Kf4 Nc8 44. Qd8+ 1-0

[Event "GER-chT U20"]
[Site "Chemnitz"]
[Date "2009.12.27"]
[Round "2.1"]
[White "Fox, Daniel"]
[Black "Geshnizjani, Ramin Tobias"]
[Result "1/2-1/2"]
[WhiteElo "2118"]
[BlackElo "2096"]
[PlyCount "66"]
[EventDate "2009.12.27"]
[EventType "team-swiss"]
[EventRounds "7"]
[EventCountry "GER"]
[SourceTitle "EXT 2022"]
[Source "ChessBase"]
[SourceDate "2021.10.06"]
[SourceVersion "1"]
[SourceVersionDate "2021.10.06"]
[SourceQuality "1"]
[WhiteTeam "Brackweda U20"]
[BlackTeam "Heilbronn U20"]
[WhiteTeamCountry "GER"]
[BlackTeamCountry "GER"]

1. e4 c5 2. c3 d5 3. exd5 Qxd5 4. d4 g6 5. Nf3 Bg7 6. Be3 Nf6 7. Qb3 Qxb3 8. axb3 cxd4 9. Nxd4 Nd5 10. Bc4 Nxe3 11. fxe3 0-0 12. 0-0 Bd7 13. Bd5 Nc6 14. Nxc6 bxc6 15. Bf3 Bh6 16. Kf2 e5 17. Rd1 Be6 18. Bxc6 Bxb3 19. Bxa8 Bxd1 20. Bd5 Bc2 21. Na3 Bd3 22. c4 a6 23. c5 Rd8 24. Bc4 e4 25. Rd1 Rc8 26. b4 a5 27. Bxd3 exd3 28. b5 Rxc5 29. Rxd3 Bf8 30. b6 Rc8 31. Ke2 Bxa3 32. Rxa3 Rb8 33. Rxa5 Rxb6 1/2-1/2

[Event "GER-chT U20"]
[Site "Chemnitz"]
[Date "2009.12.27"]
[Round "1.1"]
[White "Kotainy, Jens"]
[Black "Fox, Daniel"]
[Result "1/2-1/2"]
[WhiteElo "2243"]
[BlackElo "2118"]
[PlyCount "113"]
[EventDate "2009.12.27"]
[EventType "team-swiss"]
[EventRounds "7"]
[EventCountry "GER"]
[SourceTitle "EXT 2022"]
[Source "ChessBase"]
[SourceDate "2021.10.06"]
[SourceVersion "1"]
[SourceVersionDate "2021.10.06"]
[SourceQuality "1"]
[WhiteTeam "Bochum SG 1931 U20"]
[BlackTeam "Brackweda U20"]
[WhiteTeamCountry "GER"]
[BlackTeamCountry "GER"]

1. e4 e6 2. d4 d5 3. Nc3 Bb4 4. e5 Ne7 5. a3 Bxc3+ 6. bxc3 c5 7. Qg4 0-0 8. Bd3 f5 9. exf6 Rxf6 10. Bg5 Rf7 11. Qh5 g6 12. Qd1 Nbc6 13. Nf3 Qf8 14. 0-0 c4 15. Be2 h6 16. Bc1 Bd7 17. a4 Qg7 18. Ba3 g5 19. Rb1 b6 20. a5 bxa5 21. Rb7 Ng6 22. g3 Be8 23. Rb1 Rb7 24. Qd2 Rab8 25. Ra1 Rd8 26. Bc5 Nge7 27. Qe3 Bf7 28. Nd2 Nf5 29. Qf3 Be8 30. g4 Nh4 31. Qe3 e5 32. dxe5 Qxe5 33. Qxe5 Nxe5 34. Rxa5 Nc6 35. Ra6 Rb2 36. Bd1 Ng6 37. Nf3 Rb5 38. Be3 Rdb8 39. Nd4 R5b6 40. Nxc6 Rxc6 41. Rxa7 Rf6 42. Bd4 Rf7 43. Ra6 Kh7 44. Rd6 Rd7 45. Rxd7+ Bxd7 46. Bf3 Be6 47. Re1 Bf7 48. Ra1 Nh4 49. Be2 Rb2 50. Bd1 Bg6 51. Kf1 Bxc2 52. Bxc2+ Rxc2 53. Ra7+ Kg8 54. Ra8+ Kf7 55. Ra7+ Kg8 56. Ra8+ Kf7 57. Ra7+ 1/2-1/2

[Event "NRW Class1 0809"]
[Site "Germany"]
[Date "2009.04.26"]
[Round "9.3"]
[White "Homuth, Wolfgang"]
[Black "Fox, Daniel"]
[Result "1/2-1/2"]
[WhiteElo "2178"]
[BlackElo "2129"]
[PlyCount "52"]
[EventDate "2008.09.21"]
[EventType "tourn"]
[EventRounds "9"]
[EventCountry "GER"]
[SourceTitle "EXT 2010"]
[Source "ChessBase"]
[SourceDate "2010.11.25"]
[SourceVersion "1"]
[SourceVersionDate "2010.11.25"]
[SourceQuality "1"]
[WhiteTeam "Monheim"]
[BlackTeam "Brackweda"]
[WhiteTeamCountry "GER"]
[BlackTeamCountry "GER"]

1. e4 e6 2. d4 d5 3. Nd2 Nf6 4. e5 Nfd7 5. c3 c5 6. f4 Nc6 7. Ndf3 cxd4 8. cxd4 f5 9. Bd3 Be7 10. Ne2 Nb6 11. 0-0 Bd7 12. h3 0-0 13. g4 g6 14. Kh2 a5 15. Rg1 Kh8 16. Nc3 a4 17. a3 Na5 18. gxf5 gxf5 19. Ng5 Bxg5 20. fxg5 Rg8 21. g6 Rxg6 22. Rxg6 hxg6 23. Qg1 Qh4 24. Ne2 Kg7 25. Bg5 Qh7 26. Nf4 Kf7 1/2-1/2

[Event "NRW Class1 0809"]
[Site "Germany"]
[Date "2008.11.09"]
[Round "3.3"]
[White "Muschik, Benedikt"]
[Black "Fox, Daniel"]
[Result "1-0"]
[WhiteElo "2228"]
[BlackElo "2129"]
[PlyCount "103"]
[EventDate "2008.09.21"]
[EventType "tourn"]
[EventRounds "9"]
[EventCountry "GER"]
[SourceTitle "EXT 2010"]
[Source "ChessBase"]
[SourceDate "2010.11.25"]
[SourceVersion "1"]
[SourceVersionDate "2010.11.25"]
[SourceQuality "1"]
[WhiteTeam "Neuenkirchen"]
[BlackTeam "Brackweda"]
[WhiteTeamCountry "GER"]
[BlackTeamCountry "GER"]

1. d4 d5 2. Bf4 Nf6 3. e3 Bf5 4. c4 e6 5. Nc3 c6 6. Qb3 Qb6 7. c5 Qxb3 8. axb3 Nbd7 9. h3 Be7 10. b4 0-0 11. b5 e5 12. dxe5 Ne4 13. Nxe4 Bxe4 14. b4 a5 15. bxa6 b6 16. f3 Bg6 17. Ne2 bxc5 18. bxc5 Nxc5 19. Nd4 Nd3+ 20. Bxd3 Bxd3 21. Nxc6 Bc5 22. Ra5 Bb6 23. Rxd5 Bc4 24. Rd2 Rxa6 25. Ne7+ Kh8 26. Kf2 Re8 27. Nf5 Be6 28. Nd4 Ra5 29. Nxe6 Rxe6 30. Rd6 Ra2+ 31. Kg3 Rg6+ 32. Rxg6 hxg6 33. Rb1 Bc7 34. Rc1 Ba5 35. Kh2 Kh7 36. e4 Bd2 37. Bxd2 Rxd2 38. Rc7 Kg8 39. Rc8+ Kh7 40. Rc6 g5 41. e6 fxe6 42. Rxe6 Re2 43. Kg1 Rb2 44. Kf1 Ra2 45. Rd6 Rb2 46. Rd1 Kg6 47. Re1 Kf6 48. Re2 Rb5 49. Kf2 Re5 50. Kg3 Kg6 51. Kg4 Kf6 52. Rd2 1-0

[Event "Dortmund Sparkassen op"]
[Site "Dortmund"]
[Date "2008.06.30"]
[Round "1"]
[White "Fox, Daniel"]
[Black "Mackowiak, Marek"]
[Result "1-0"]
[WhiteElo "2107"]
[BlackElo "2208"]
[PlyCount "67"]
[EventDate "2008.06.30"]
[EventType "swiss"]
[EventRounds "9"]
[EventCountry "GER"]
[SourceTitle "CBM 125 Extra"]
[Source "ChessBase"]
[SourceDate "2008.09.01"]
[SourceVersion "1"]
[SourceVersionDate "2008.09.01"]
[SourceQuality "1"]

1. e4 e6 2. d4 d5 3. Nd2 Nf6 4. e5 Nfd7 5. Bd3 c5 6. c3 Nc6 7. Ne2 cxd4 8. cxd4 Qb6 9. Nf3 f6 10. exf6 Nxf6 11. 0-0 Bd6 12. b3 0-0 13. Bf4 Bxf4 14. Nxf4 Bd7 15. Re1 Rae8 16. Qd2 Nb4 17. Rac1 Nxd3 18. Nxd3 Ne4 19. Qe3 Rc8 20. Nfe5 Bb5 21. f3 Bxd3 22. Nd7 Rxc1 23. Rxc1 Qd6 24. Nxf8 Kxf8 25. Qxd3 Nf6 26. Qc3 Qf4 27. Qc8+ Ne8 28. Qc5+ Kf7 29. Qc3 Nd6 30. g3 Qf6 31. Qc7+ Kg6 32. Qxd6 Qxd4+ 33. Kh1 Qe3 34. Qf4 1-0

[Event "Neckar op-A 12th"]
[Site "Deizisau"]
[Date "2008.03.20"]
[Round "1"]
[White "Erdos, Viktor"]
[Black "Fox, Daniel"]
[Result "1-0"]
[WhiteElo "2575"]
[BlackElo "2120"]
[PlyCount "107"]
[EventDate "2008.03.20"]
[EventType "swiss"]
[EventRounds "9"]
[EventCountry "GER"]
[SourceTitle "CBM 123 Extra"]
[Source "ChessBase"]
[SourceDate "2008.05.06"]
[SourceVersion "1"]
[SourceVersionDate "2008.05.06"]
[SourceQuality "1"]

1. d4 d5 2. c4 e6 3. Nc3 Nf6 4. cxd5 exd5 5. Bg5 Bb4 6. e3 c5 7. dxc5 0-0 8. Rc1 Be6 9. Nf3 Bxc5 10. Bb5 a6 11. Ba4 Be7 12. 0-0 Nbd7 13. Nd4 Rc8 14. Bc2 Re8 15. h3 Qb6 16. Ba4 Red8 17. Bxd7 Rxd7 18. Bxf6 Bxf6 19. Ne4 Rxc1 20. Nxf6+ gxf6 21. Qxc1 Rc7 22. Qd2 Qd6 23. f4 Re7 24. Rf3 Bd7 25. Qe1 Re4 26. Qh4 Kf8 27. Kh2 Ke7 28. Qxh7 Qb4 29. Qh5 Qd6 30. Rg3 Be6 31. Qh6 Qd8 32. b3 Bd7 33. Qh5 Be6 34. Qh7 Kd6 35. f5 Bd7 36. Qxf7 Qe7 37. Qxe7+ Rxe7 38. Rf3 Be8 39. g4 Rh7 40. Kg3 Ke5 41. Rf4 Rc7 42. Nf3+ Kd6 43. Rd4 Rc2 44. Rd2 Rc7 45. h4 Re7 46. Rd3 Bb5 47. Rc3 Bd7 48. h5 Rh7 49. Rd3 Bb5 50. Rd4 Kc5 51. b4+ Kd6 52. e4 Bc6 53. Kf4 Re7 54. Nd2 1-0

[Event "Werther Schloss op-A 14th"]
[Site "Werther"]
[Date "2008.03.15"]
[Round "5"]
[White "Fox, Daniel"]
[Black "Oppitz, Peter"]
[Result "1/2-1/2"]
[WhiteElo "2122"]
[BlackElo "2194"]
[PlyCount "28"]
[EventDate "2008.03.13"]
[EventType "swiss"]
[EventRounds "7"]
[EventCountry "GER"]
[SourceTitle "EXT 2010"]
[Source "ChessBase"]
[SourceDate "2010.11.25"]
[SourceVersion "1"]
[SourceVersionDate "2010.11.25"]
[SourceQuality "1"]

1. e4 Nf6 2. e5 Nd5 3. Nc3 e6 4. Nxd5 exd5 5. d4 d6 6. Nf3 Bg4 7. h3 Bh5 8. Be2 Nc6 9. c3 dxe5 10. Nxe5 Bxe2 11. Qxe2 Nxe5 12. Qxe5+ Qe7 13. Bf4 Qxe5+ 14. Bxe5 Kd7 1/2-1/2

[Event "Werther Schloss op-A 14th"]
[Site "Werther"]
[Date "2008.03.14"]
[Round "3"]
[White "Fox, Daniel"]
[Black "Ovsejevitsch, Sergei"]
[Result "0-1"]
[WhiteElo "2122"]
[BlackElo "2581"]
[PlyCount "96"]
[EventDate "2008.03.13"]
[EventType "swiss"]
[EventRounds "7"]
[EventCountry "GER"]
[SourceTitle "EXT 2010"]
[Source "ChessBase"]
[SourceDate "2010.11.25"]
[SourceVersion "1"]
[SourceVersionDate "2010.11.25"]
[SourceQuality "1"]

1. e4 e5 2. Nf3 Nc6 3. c3 f5 4. d4 fxe4 5. Nxe5 Nf6 6. Bg5 Qe7 7. Nxc6 dxc6 8. Qb3 h6 9. Bxf6 gxf6 10. Be2 f5 11. Nd2 Bg7 12. Bh5+ Kf8 13. 0-0 b6 14. Qc4 Bd7 15. Rfe1 b5 16. Qe2 c5 17. dxc5 Qxc5 18. Nxe4 fxe4 19. Qxe4 Qxh5 20. Qxa8+ Kf7 21. Qe4 Bf6 22. Rad1 Qf5 23. Qxf5 Bxf5 24. Rd5 Kg6 25. Rxb5 Rd8 26. Rb7 Rd2 27. h3 h5 28. Rc1 a5 29. a4 c5 30. Rb5 c4 31. Rxa5 Rxb2 32. Rb5 Ra2 33. a5 Bd3 34. g3 Bd8 35. Re1 Rxa5 36. Re6+ Kf7 37. Rxa5 Bxa5 38. Re5 Bxc3 39. Rxh5 Bb2 40. Rc5 c3 41. Kg2 c2 42. Kf3 c1Q 43. Rxc1 Bxc1 44. g4 Kf6 45. Kg3 Ke5 46. h4 Bf4+ 47. Kf3 Be4+ 48. Ke2 Bd5 0-1

[Event "Werther Schloss op-A 14th"]
[Site "Werther"]
[Date "2008.03.14"]
[Round "2"]
[White "Gutman, Lev"]
[Black "Fox, Daniel"]
[Result "0-1"]
[WhiteElo "2470"]
[BlackElo "2122"]
[PlyCount "158"]
[EventDate "2008.03.13"]
[EventType "swiss"]
[EventRounds "7"]
[EventCountry "GER"]
[SourceTitle "EXT 2010"]
[Source "ChessBase"]
[SourceDate "2010.11.25"]
[SourceVersion "1"]
[SourceVersionDate "2010.11.25"]
[SourceQuality "1"]

1. Nf3 d5 2. g3 Nf6 3. Bg2 e6 4. 0-0 Be7 5. b3 c5 6. Bb2 Nc6 7. c4 d4 8. e3 e5 9. exd4 exd4 10. a3 0-0 11. d3 a5 12. Re1 Qc7 13. Bc1 Bf5 14. Ra2 Rfe8 15. Rae2 h6 16. Nh4 Bg4 17. f3 Bd7 18. f4 Bd6 19. Nd2 Rxe2 20. Rxe2 Re8 21. Rxe8+ Bxe8 22. Nf5 Bf8 23. Ne4 Nxe4 24. dxe4 Ne7 25. Nh4 b5 26. f5 f6 27. Bf4 Qc8 28. Bf1 b4 29. a4 Qd7 30. Bd3 Nc6 31. e5 fxe5 32. Bd2 Qf7 33. Ng6 Bd6 34. Qg4 Qf6 35. Be4 Ne7 36. h4 Nxg6 37. fxg6 Be7 38. Qc8 Kf8 39. h5 Qd6 40. Kg2 Qd7 41. Qa8 Bd8 42. Kf2 Ke7 43. Bf3 Kf8 44. g4 Bh4+ 45. Kf1 Bd8 46. Ke1 Bh4+ 47. Kd1 Bd8 48. Kc1 Qd6 49. Qc8 Be7 50. Qa8 Bd8 51. Bd5 Qf6 52. Be4 Qd6 53. Qc8 Qb6 54. Be1 Qd6 55. Bg3 Bf6 56. Bd5 Bg5+ 57. Kc2 Bf6 58. Kd2 Bg5+ 59. Ke2 Bf6 60. Kf3 Be7 61. Ke4 Bf6 62. Bh2 Ke7 63. Bg3 Kf8 64. Bf2 Ke7 65. Kd3 Kf8 66. Be4 Be7 67. Bg3 Bf6 68. Qa8 Bd8 69. Qa7 Bb6 70. Qb7 Bd8 71. Qc8 Bf6 72. Be1 Ke7 73. Qa8 Qc7 74. Qd5 Qd6 75. Qa8 Qc7 76. Bd5 Kf8 77. Bf7 Ke7 78. Qb8 Qd6 79. Qc8 Bd7 0-1

[Event "Dresden ZMD op"]
[Site "Dresden"]
[Date "2007.07.29"]
[Round "9"]
[White "Grohde, Wolfgang"]
[Black "Fox, Daniel"]
[Result "1/2-1/2"]
[WhiteElo "2157"]
[BlackElo "2097"]
[PlyCount "123"]
[EventDate "2007.07.21"]
[EventType "swiss"]
[EventRounds "9"]
[EventCountry "GER"]
[SourceTitle "EXT 2008"]
[Source "ChessBase"]
[SourceDate "2007.11.25"]
[SourceVersion "1"]
[SourceVersionDate "2007.11.25"]
[SourceQuality "1"]

1. d4 d5 2. c4 e6 3. Nc3 Nf6 4. Bg5 Bb4 5. Nf3 h6 6. Bxf6 Qxf6 7. e3 0-0 8. cxd5 exd5 9. Qb3 c5 10. dxc5 Bxc3+ 11. Qxc3 Qxc3+ 12. bxc3 Be6 13. Nd4 Rc8 14. Be2 Rxc5 15. Kd2 Nd7 16. Rhb1 b6 17. a4 Ne5 18. a5 bxa5 19. Rb5 Rac8 20. Ra3 Rxb5 21. Bxb5 Nc4+ 22. Bxc4 Rxc4 23. Rxa5 Rc7 24. f4 g6 25. Ra6 Bc8 26. Rc6 Rxc6 27. Nxc6 Kf8 28. Nxa7 Bd7 29. Kd3 Ke7 30. Kd4 Kd6 31. g3 h5 32. c4 dxc4 33. Kxc4 Be6+ 34. Kd4 Bd7 35. e4 Ba4 36. Nc8+ Ke6 37. Nb6 Bc2 38. Nc4 Bd1 39. h3 Be2 40. Ne3 Ba6 41. g4 hxg4 42. hxg4 Be2 43. g5 Ke7 44. Ke5 Bd3 45. Nd5+ Kf8 46. f5 gxf5 47. exf5 Kg7 48. Nf4 Bc2 49. Nh5+ Kf8 50. Kf6 Bd1 51. Nf4 Bc2 52. Nd5 Bb1 53. Nb6 Bc2 54. Nd7+ Kg8 55. Ne5 Kf8 56. Nxf7 Bxf5 57. Kxf5 Kxf7 58. g6+ Kg7 59. Kg5 Kg8 60. Kf6 Kf8 61. g7+ Kg8 62. Kg6 1/2-1/2

[Event "Dresden ZMD op"]
[Site "Dresden"]
[Date "2007.07.26"]
[Round "6"]
[White "Fox, Daniel"]
[Black "Wichmann, Cliff"]
[Result "1-0"]
[WhiteElo "2097"]
[BlackElo "2401"]
[PlyCount "123"]
[EventDate "2007.07.21"]
[EventType "swiss"]
[EventRounds "9"]
[EventCountry "GER"]
[SourceTitle "EXT 2008"]
[Source "ChessBase"]
[SourceDate "2007.11.25"]
[SourceVersion "1"]
[SourceVersionDate "2007.11.25"]
[SourceQuality "1"]

1. e4 e6 2. d4 d5 3. Nd2 c5 4. exd5 cxd4 5. Bb5+ Nc6 6. Ngf3 Bd6 7. 0-0 exd5 8. Nb3 Nge7 9. Nbxd4 0-0 10. c3 Bg4 11. Be3 Qc7 12. h3 Bh5 13. Bd3 Bh2+ 14. Kh1 Bf4 15. Nb5 Qb8 16. Qd2 Bxe3 17. Qxe3 Bxf3 18. Qxf3 a6 19. Na3 Ne5 20. Qd1 N7c6 21. Nc2 Qd6 22. Be2 Rfe8 23. Bf3 Rad8 24. Ne3 d4 25. Bxc6 Nxc6 26. Nf5 Qf6 27. Nxd4 Nxd4 28. cxd4 Rxd4 29. Qb3 Rd2 30. Qxb7 Rxb2 31. Qd7 Rd8 32. Rae1 g6 33. Re8+ Rxe8 34. Qxe8+ Kg7 35. Qa4 h5 36. Kg1 Kh7 37. a3 Qe6 38. h4 Qf6 39. g3 Rd2 40. Qb3 Qf5 41. Qb6 a5 42. a4 Qd5 43. Qc7 Ra2 44. Qf4 Qb3 45. Re1 Rxa4 46. Qf6 Qa3 47. Qxf7+ Kh6 48. Qg8 Qb2 49. Re7 Qc1+ 50. Kh2 Rxh4+ 51. gxh4 Qf4+ 52. Kg2 Qg4+ 53. Kf1 Qh3+ 54. Ke2 Qxh4 55. Rh7+ Kg5 56. Qd8+ Kg4 57. Qxh4+ Kxh4 58. Ra7 Kg4 59. Rxa5 h4 60. Ra4+ Kh3 61. Kf3 g5 62. Rxh4+ 1-0